300 single best answers for the final FRCR part A (Record no. 63643)

MARC details
000 -LEADER
fixed length control field 01269nam a2200205 a 4500
008 - FIXED-LENGTH DATA ELEMENTS--GENERAL INFORMATION
fixed length control field 191129s2010 ||||||||||||||||| || u
020 ## - INTERNATIONAL STANDARD BOOK NUMBER
International Standard Book Number 9781907816024
050 ## - LIBRARY OF CONGRESS CALL NUMBER
Classification number RC 78 Gup
100 ## - MAIN ENTRY--PERSONAL NAME
Personal name Gupta, Chaitanya
245 10 - TITLE STATEMENT
Title 300 single best answers for the final FRCR part A
Statement of responsibility, etc. By Chaitanya Gupta
260 ## - PUBLICATION, DISTRIBUTION, ETC.
Place of publication, distribution, etc. London
Name of publisher, distributor, etc. JP Medical Publishers
Date of publication, distribution, etc. 2010
300 ## - PHYSICAL DESCRIPTION
Extent vii, 157 pages : illustrations
350 ## -
-- 29.85
650 #0 - SUBJECT ADDED ENTRY--TOPICAL TERM
Topical term or geographic name entry element MEDICAL RADIOLOGY-- EXAMINATIONS, QUESTIONS, ETC
650 ## - SUBJECT ADDED ENTRY--TOPICAL TERM
Topical term or geographic name entry element RADIOLOGY--EXAMINATIONS QUESTIONS
995 ## -
-- MEDICAL LIBRARY OPEN ACCESS
-- 904659
-- CBU-SCHOOL OF MEDICINE LIBRARY (Ndola)
-- 29.85
-- RC 78 Gup
-- 2
-- AVAILABLE
-- Dec 13, 2019
-- 904659
-- Medical Library Open Access Collection
995 ## -
-- MEDICAL LIBRARY OPEN ACCESS
-- 904660
-- CBU-SCHOOL OF MEDICINE LIBRARY (Ndola)
-- 29.85
-- RC 78 Gup
-- 3
-- AVAILABLE
-- Dec 13, 2019
-- 904660
-- Medical Library Open Access Collection
995 ## -
-- MICHAEL CHILUFYA SATA OPEN ACCESS
-- 904658
-- CBU-SCHOOL OF MEDICINE LIBRARY (Ndola)
-- 29.85
-- RC 78 Gup
-- 1
-- AVAILABLE
-- Dec 13, 2019
-- 904658
-- Medical Library Open Access Collection
995 ## -
-- MEDICAL LIBRARY OPEN ACCESS
-- 904661
-- CBU-SCHOOL OF MEDICINE LIBRARY (Ndola)
-- 29.85
-- RC 78 Gup
-- 4
-- AVAILABLE
-- Dec 13, 2019
-- 904661
-- Medical Library Open Access Collection
999 ## -
-- 63643
-- 63643
Holdings
Withdrawn status Lost status Source of classification or shelving scheme Damaged status Not for loan Permanent Location Current Location Shelving location Date acquired Total Checkouts Full call number Barcode Date last seen Copy number Price effective from Koha item type
          CBU-MICHAEL CHILUFYA SATA LIBRARY CBU-MICHAEL CHILUFYA SATA LIBRARY   01/25/2023   RC 78 Gup 904658 01/25/2023 3 01/25/2023 MONOGRAPH
          CBU-SCHOOL OF MEDICINE LIBRARY, NDOLA. CBU-SCHOOL OF MEDICINE LIBRARY, NDOLA.   01/25/2023   RC 78 Gup 904659 01/25/2023 1 01/25/2023 MONOGRAPH
          CBU-SCHOOL OF MEDICINE LIBRARY, NDOLA. CBU-SCHOOL OF MEDICINE LIBRARY, NDOLA.   01/25/2023   RC 78 Gup 904660 01/25/2023 2 01/25/2023 MONOGRAPH
          CBU-SCHOOL OF MEDICINE LIBRARY, NDOLA. CBU-SCHOOL OF MEDICINE LIBRARY, NDOLA.   01/25/2023   RC 78 Gup 904661 01/25/2023 4 01/25/2023 MONOGRAPH